One Piece - Top 50 - Statistiques

Statistiques générales
  • Ce quiz a été pris 467 fois
  • Le résultat moyen est 35 sur 50
Statistiques - réponses
Place Personnage % Correct
6èm Monkey D. Luffy
99%
16èm Roronoa Zoro
98%
4èm Gol D. Roger
97%
14èm Charlotte Linlin
96%
11èm Edward Newgate
96%
8èm Kaido
96%
5èm Shanks
96%
30èm Vinsmoke Sanji
96%
7èm Marshall D. Teach
92%
20èm Monkey D. Garp
92%
10èm Sakazuki Akainu
88%
🏅 Nerona Imu
87%
9èm Dracule Mihawk
86%
26èm Borsalino Kizaru
85%
36èm Don Quichotte Doflamingo
85%
25èm Kuzan Aokiji
84%
34èm Trafalgar D. Water Law
83%
27èm Charlotte Katakuri
82%
45èm Crocodile
82%
41èm Portgas D. Ace
82%
38èm Eustass Kid
80%
🥉 Rocks D. Xebec
79%
49èm Jinbe
78%
39èm King
77%
31èm Sabo
77%
29èm Marco
74%
🥈 JoyBoy
73%
23èm Sengoku
73%
21èm Silvers Rayleigh
69%
47èm Bartholomew Kuma
67%
28èm Kozuki Oden
65%
33èm Issho Fujitora
64%
24èm Boa Hancock
63%
15èm St Jaygarcia Saturn
61%
13èm St Marcus Mars
53%
42èm Ener
51%
37èm Rob Lucci
50%
35èm Yamato
47%
32èm Aramaki Ryokugy
46%
17èm St Shepherd Ju Peter
44%
46èm Shilliew
41%
19èm St Figarland Garling
41%
48èm Killer
40%
44èm Koby
40%
43èm Magellan
39%
18èm St Ethanbaron V. Nusjuro
37%
12èm St Topman Warcury
37%
22èm Ben Beckmann
36%
50èm jewelry Bonney
36%
40èm Kozuki Momonosuke
22%
Aucun quiz correspondant
Distribution des résultats
% des personnes avec chaque résultat
Percentile par nombre de réponses
Votre historique - résultats
Vous n’avez pas pris ce quiz